| 000 | 01080cam a2200361Ia 4500 | ||
|---|---|---|---|
| 001 | 73071 | ||
| 005 | 20230410123612.0 | ||
| 008 | 090128s2009 fr b 001 0 fre d | ||
| 035 | _a(OCoLC)ocn300686424 | ||
| 040 |
_aTZT _cTZT _dAUXAM _dGUL |
||
| 020 | _a9782247081806 | ||
| 020 | _a2247081800 | ||
| 029 | 0 |
_aTZT _bJTL00240766 |
|
| 029 | 1 |
_aAUXAM _bAAL0436530-0001 |
|
| 035 | _a(OCoLC)300686424 | ||
| 043 | _ae-fr--- | ||
| 082 | 0 | 0 |
_a345 _21 |
| 050 | 1 | 4 |
_aKJV 7979 _bB764d 2009 |
| 100 | 1 | _aBouloc, Bernard. | |
| 245 | 1 | 0 |
_aDroit pénal général / _cBernard Bouloc. |
| 250 | _a21e éd. | ||
| 260 |
_aParis : _bDalloz, _c2009. |
||
| 300 |
_ax, 722 p. ; _c21 cm. |
||
| 490 | 1 |
_aPrécis Dalloz . _vDroit privé |
|
| 504 | _aIncludes bibliographical references and indexes. | ||
| 650 | 0 |
_aCriminal law _zFrance. |
|
| 830 | 0 |
_aPrécis Dalloz. _pDroit privé. |
|
| 938 |
_aJean Touzot Libraire Editeur _bTOUZ _nJTL00240766 _c39 EUR |
||
| 938 |
_aAux Amateurs de Livres _bAUXA _nAAL0436530-0001 _c39,00 EUR |
||
| 942 |
_2lcc _cbk |
||
| 946 | _accruz | ||
| 994 |
_aC0 _bDRFGD |
||
| 999 |
_c64687 _d64687 |
||